000
00308nam a22001337a 4500
020
_a
0-7214-0976-8
082
_a
001
_b
MOY/D
100
_a
MOYES, JOHN
245
_a
DISCOVERING LONDON
260
_a
UNITED KINGDOM
_b
LADYBIRD
_c
1981
300
_a
51
650
_a
GENERAL KNOWLEDGE
_z
UNITED KINGDOM
942
_c
BK
999
_c
6511
_d
6511